W której części państwa znajduje się to miasto? - whammies - Statystyki

Ogólne statystyki
  • Ten quiz został rozwiązany 17 razy
  • Średni wynik to 10 z 25
Statystyki odpowiedzi
Miasto, państwo Kierunek % Poprawnych
Waszyngton, USA Wschód
100%
Helsinki, Finlandia Południe
93%
Lublin, Polska Wschód
86%
Mumbaj, Indie Zachód
79%
Luanda, Angola Północ | Zachód
71%
Charków, Ukraina Wschód
71%
Antofagasta, Chile Północ | Zachód
50%
Sana, Jemen Zachód
50%
Innsbruck, Austria Zachód
43%
Mombasa, Kenia Południe | Wschód
36%
Kurytyba, Brazylia Południe | Wschód
36%
Bergen, Norwegia Południe | Zachód
36%
Niamey, Niger Południe | Zachód
36%
Darwin, Australia Północ
29%
Bratysława, Słowacja Południe | Zachód
29%
Smoleńsk, Rosja Zachód
29%
Barranquilla, Kolumbia Północ
21%
Gqeberha (Port Elizabeth), RPA Południe
21%
Kano, Nigeria Północ
14%
Limassol, Cypr Południe
14%
Batumi, Gruzja Południe | Zachód
14%
Taszkent, Uzbekistan Wschód
14%
Debreczyn, Węgry Wschód
14%
Izmir, Turcja Zachód
14%
Hawana, Kuba Północ | Zachód
7%
Nie znaleziono quizów pasujących do podanych kryteriów
Rozkład punktacji
Procent ludzi z każdym wynikiem
Percentyl według liczby udzielonych odpowiedzi
Twoja historia wyników
Nie rozwiązałeś tego quizu